Cấu tạo & nguyên lý hoạt động của hệ thống máy tính
.
Spremljeno u:
| Glavni autor: | |
|---|---|
| Format: | Knjiga |
| Jezik: | Vietnamese |
| Izdano: |
H.
Nxb Thống kê
1997
|
| Teme: | |
| Oznake: |
Dodaj oznaku
Bez oznaka, Budi prvi tko označuje ovaj zapis!
|
| Thư viện lưu trữ: | Mạng thư viện Đại học Đà Nẵng |
|---|
| LEADER | 01038nam a2200325 4500 | ||
|---|---|---|---|
| 001 | 000012980 | ||
| 003 | 9308 | ||
| 005 | 20120306080338.0 | ||
| 008 | 120306s1997 viesd | ||
| 041 | 0 | |a vie | |
| 082 | |a 005.3 |b WH-R | ||
| 100 | 0 | |a White. Ron |e Tác giả | |
| 245 | 0 | |a Cấu tạo & nguyên lý hoạt động của hệ thống máy tính |c White. Ron | |
| 260 | |a H. |b Nxb Thống kê |c 1997 | ||
| 300 | |a 201 tr |c 24 cm | ||
| 520 | |a . | ||
| 653 | |a Cấu tạo | ||
| 653 | |a Nguyên lý hoạt động | ||
| 653 | |a Hệ thống máy tính | ||
| 653 | |a Tin học | ||
| OWN | |a LSP | ||
| AVA | |a UDN50 |b LSP |d 005.3 WH-R |e available |t Error 5001 Not defined in file expand_doc_bib_avail. |f 1 |g 0 |h N |i 0 |k 1 | ||
| 999 | |a From the UDN01 | ||
| AVA | |a UDN50 |b LSP |d 005.3 WH-R |e available |t Error 5001 Not defined in file expand_doc_bib_avail. |f 1 |g 0 |h N |i 0 |k 1 | ||
| TYP | |a Monograph | ||
| TYP | |a Printed language | ||
| 980 | |a Mạng thư viện Đại học Đà Nẵng | ||